书目信息 |
| 题名: |
Visual Basic程序设计与应用开发案例教程
|
|
| 作者: | 曾强聪 编著 | |
| 分册: | ||
| 出版信息: | 北京 清华大学出版社 2004.09 |
|
| 页数: | 15, 389页 | |
| 开本: | 26cm | |
| 丛书名: | ||
| 单 册: | ||
| 中图分类: | TP312BA | |
| 科图分类: | ||
| 主题词: | BASIC语言--BASIC yu yan--程序设计--高等学校--教材 | |
| 电子资源: | ||
| ISBN: | 7-302-09134-X | |
| 000 | 00903nam0 2200229 450 | |
| 001 | 010265597749 | |
| 005 | 20080311104504.73 | |
| 010 | @a7-302-09134-X@dCNY39.00 (含光盘) | |
| 100 | @a20050518d2004 km y0chiy0120 ea | |
| 101 | 0 | @achi |
| 102 | @aCN@b110000 | |
| 105 | @aa z 000yy | |
| 200 | 1 | @aVisual Basic程序设计与应用开发案例教程@AVisual Basic cheng xu she ji yu ying yong kai fa an li jiao cheng@f曾强聪等编著@Fceng qiang cong deng bian zhu |
| 210 | @a北京@c清华大学出版社@d2004.09 | |
| 215 | @a15, 389页@c图@d26cm@e光盘1片 | |
| 300 | @a高等学校教材·计算机应用 | |
| 330 | @a本书系统地介绍VB的一般性问题,结合VB应用对软件开发过程、方法等进行介绍,并提供了应用系统开发综合实例以作实训参考。 | |
| 606 | 0 | @aBASIC语言@ABASIC yu yan@x程序设计@x高等学校@x教材 |
| 690 | @aTP312BA@v4 | |
| 701 | 0 | @a曾强聪@Aceng qiang cong@4编著 |
| 801 | 0 | @aCN@bRULIN@c20080311 |
| 905 | @a10447@dTP312BA@eZ027 | |
| Visual Basic程序设计与应用开发案例教程/曾强聪等编著.-北京:清华大学出版社,2004.09 |
| 15, 389页:图;26cm+光盘1片 |
| 高等学校教材·计算机应用 |
| ISBN 7-302-09134-X:CNY39.00 (含光盘) |
| 本书系统地介绍VB的一般性问题,结合VB应用对软件开发过程、方法等进行介绍,并提供了应用系统开发综合实例以作实训参考。 |
| ● |
| 相关链接 |
|
|
|
正题名:Visual Basic程序设计与应用开发案例教程
索取号:TP312BA/Z027
 
预约/预借
| 序号 | 登录号 | 条形码 | 馆藏地/架位号 | 状态 | 备注 |
| 1 | 479608 | 204796088 | 期刊室512/ [索取号:TP312BA/Z027] | 在馆 | |
| 2 | 521022 | 205210225 | 期刊室512/301自科库 77排1列2层/ [索取号:TP312BA/Z027] | 在馆 | |
| 3 | 521023 | 205210234 | 期刊室512/301自科库 77排1列2层/ [索取号:TP312BA/Z027] | 在馆 | |
| 4 | 521024 | 205210243 | 自科二线504/504自科库 12排1列1层/ [索取号:TP312BA/Z027] | 在馆 |